Estudio de prefactibilidad minicentral hidroelectrica El Guapotal Matiguas, departamento de Matagalpa
Presente un estudio de prefactibilidad en la cuenca N°.55 del Río Grande de Matagalpa, aprovechando específicamente el potencial hidroeléctrico del Río Sabalar, ubicado en Matiguas. Con el objetivo de brindar el servicio de energía eléctrica a las 12 comunidades y vender el excedente de la ene...
| Main Authors: | , |
|---|---|
| Other Authors: | |
| Format: | Tesis Section = Libro |
| Language: | Undetermined Spanish |
| Published: |
Managua
UNI
2015
|
| Subjects: |
| LEADER | 01346nam a2200289Ia 4500 | ||
|---|---|---|---|
| 008 | 240830s9999 xx 000 0 und d | ||
| 040 | |a BIBLIOTECA-RUSB/ M.Mon 658.404 R288 | ||
| 041 | |a spa | ||
| 082 | |a M.Mon 658.404 R288 | ||
| 100 | 1 | |a Real Valladares, Ana María | |
| 100 | 1 | |b Cordoba Urbina, Martha Nohelia | |
| 245 | 1 | 0 | |a Estudio de prefactibilidad minicentral hidroelectrica El Guapotal Matiguas, departamento de Matagalpa |
| 260 | |a Managua |b UNI |c 2015 | ||
| 300 | |a 146 p. :il. | ||
| 500 | |a Contiene anexos. | ||
| 502 | |a Tesis (Máster en Gerencia de Proyectos de Desarrollo) - UNI, 2015. | ||
| 520 | 3 | |a Presente un estudio de prefactibilidad en la cuenca N°.55 del Río Grande de Matagalpa, aprovechando específicamente el potencial hidroeléctrico del Río Sabalar, ubicado en Matiguas. Con el objetivo de brindar el servicio de energía eléctrica a las 12 comunidades y vender el excedente de la energía generada a las Distribuidoras de Disnorte Dissur. | |
| 650 | 7 | |a ESTUDIOS DE FACTIBILIDAD | |
| 650 | 7 | |b ESTUDIO DE MERCADO | |
| 650 | 7 | |c EVALUACION FINANCIERA | |
| 650 | 7 | |d EVALAUCION ECONOMICA | |
| 650 | 7 | |e IMPACTO AMBIENTAL | |
| 650 | 7 | |f construcción DE CENTRAL HIDROELECTRICA- MATAGALPA-PROYECTOS | |
| 700 | 1 | |a Tutor: |b Martínez Montoya, Arnulfo | |
| 942 | |c BK |2 ddc | ||
| 991 | |a TESIS | ||
| 999 | |c 19465 | ||